00329nam a2200109Ia 4500008004100000082000800041100002100049245003000070942000600100952009800106999001500204240331s9999 xx 000 0 und d bRUW aRuwanpathirana,M 0aObe yeheliya aya gahaniya cL 001040708LaWERCLbWERCLcSSCd2024-03-31l0o 891.48 RUWp5339r2024-03-31w2024-03-31yL c4888d4888